1192 1194 1623 1667 1258 1799 1311 1886 1835 1331 1163 1199 1581 1223 1312 1469 1556 1207 1573 1280 1711 1853 1798 1773 1703 1835 1375 1623 1523 1117 1738 1340 1248 1473 1422 1654 1832 1153 1244 1261 1030 1813 1129 1362 1281 1489 1065 1313 1376 1136 1540 1931 1297 1000 1010 1488 1358 1447 1735 1141 1289 1035 1459 1670 1136 1634 1597 1047 1649 1435 1310 1701 1223 1156 1958 1975 1929 1602 1360 1223 1078 1171 1422 1570 1266 1731 1929 1245 1580 1109 1700 1784 1094 1016 1658 1951 1096 1411 1340 BCNSPRNW ULIB Ver.6.0+V

เปลี่ยนเป็นภาษาไทย

Change to English
 แสดงรายละเอียดบรรณานุกรม
  กลับหน้าหลัก

Brief Record : Get Marc (ISO 2709) : E-mail record : QR code < ปิดหน้าต่าง
LEADER : 00000nam 2200000uu 4500
001    13399126780
003     ULIB
008    190305s2561||||th 000 0 tha d
020    ^a9786164682368
060    ^aWS100^bภ493ก
100    ^aภาสกร ศรีทิพย์สุโข. จัดทำโดย ภาสกร ศรีทิพย์สุโข, อรพรรณ โพชนุกูล, พินัยลัค ตันติลีปิกร เอิร์ด. อรพรรณ โพชนุกูล. พินัยลัค ตันติลีปิกร
245    ^aการวัดคุณภาพชีวิตด้านสุขภาพในเด็ก =^bMeasuring health-related quality of life in children /^cภาสกร ศรีทิพย์สุโข
250    ^aพิมพ์ครั้งที่ 1
260    ^aปทุมธานี :^bโรงพิมพ์มหาวิทยาลัยธรรมศาสตร์,^c2561
300    ^a128 หน้า;^b26 ซม.
650    ^aคุณภาพชีวิต^xการวัด
650    ^aเด็ก^xสุขภาพและอนามัย
945    ^p150^l0^i27226
945    ^p150^l0^i27227
945    ^p150^l0^i27228
945    ^p150^l0^i27229
999    ^aกัณชพร จุลอักษร
รายการนี้ยังไม่มีแท็ก
คุณยังไม่ได้ล็อกอิน คุณสามารถมีกิจกรรมร่วมกับเว็บไซต์ได้ แต่ต้องล็อกอินก่อน ::
  ล็อกอิน

รายการสื่อสารสนเทศ

ลำดับที่ ประเภท เลขเรียก/บาร์โค้ด สถานที่ สถานะ
1. หนังสือสำรอง
หนังสือสำรอง
WS100 ภ493ก ฉ.1 
  Barcode: 27226
ห้องสมุดวิทยาเขตนครสวรรค์
►หนังสือทั่วไป:l:General Books
บนชั้น
2. วิทยาศาสตร์การแพทย์ และสุขภาพ
วิทยาศาสตร์การแพทย์ และสุขภาพ
WS100 ภ493ก ฉ.2 
  Barcode: 27227
ห้องสมุดวิทยาเขตนครสวรรค์
►หนังสือทั่วไป:l:General Books
บนชั้น
3. วิทยาศาสตร์การแพทย์ และสุขภาพ
วิทยาศาสตร์การแพทย์ และสุขภาพ
WS100 ภ493ก ฉ.3 
  Barcode: 27228
ห้องสมุดวิทยาเขตนครสวรรค์
►หนังสือทั่วไป:l:General Books
บนชั้น
4. วิทยาศาสตร์การแพทย์ และสุขภาพ
วิทยาศาสตร์การแพทย์ และสุขภาพ
WS100 ภ493ก ฉ.4 
  Barcode: 27229
ห้องสมุดวิทยาเขตนครสวรรค์
►หนังสือทั่วไป:l:General Books
บนชั้น

รายการใกล้เคียง
    ผู้แต่ง [ภาสกร ศรีทิพย์สุโข. จัดทำโดย ภาสกร ศรีทิพย์สุโข, อรพรรณ โพชนุกูล, พินัยลัค ตันติลีปิกร เอิร์ด. อรพรรณ โพชนุกูล. พินัยลัค ตันติลีปิกร]

BibComment


ยังไม่เคยถูกคอมเมนท์

คอมเมนท์ทรัพยากรรายการนี้
  คอมเมนท์: การวัดคุณภาพชีวิ..


 Copyright 2026. Bcnsprnw @Library